[Event "GMA-Open"]
[Site "Belgrade"]
[Date "1988.??.??"]
[Round "?"]
[White "Laketic, Gojko"]
[Black "Cebalo, Miso"]
[Result "1/2-1/2"]
[WhiteElo "2400"]
[BlackElo "2510"]

1.Nf3 c5 2.e4 e6 3.d4 cxd4 4.Nxd4 Nc6 5.Nc3 d6 6.g3 Nf6 7.Bg2 Bd7 8.O-O Be7
9.Re1 a6 10.Nxc6 Bxc6 11.a4 O-O 12.a5 Nd7 13.Be3 b5 14.axb6 Nxb6 15.Qd4 Nd7
16.Ra2 Qc7 17.Rea1 Bb7 18.Qd2 Rfc8 19.Bg5 Bxg5 20.Qxg5 Ne5 21.h4 Rab8 22.h5 h6
23.Qf4 Qd8 24.Rd1 Rc5 25.Bf1 f5 26.Bg2 fxe4 27.Nxe4 Bxe4 28.Qxe4 Qb6 29.c3 a5
30.Qd4 Nf7 31.Bf3 Kf8 32.Rd2 Rb5 33.Qxb6 R8xb6 34.Be2 Rc5 35.Ra4 Ke7 36.Kg2 Ne5
37.b4 axb4 38.cxb4 Rc7 39.b5 d5 40.Ra6 Nd7 41.Ra8 Kd6 42.Rda2 Ne5 43.R2a6 Rxa6
44.bxa6 Nc4 45.f4 Kc5 46.Re8 Kd6 47.Rd8+ Kc5 48.Re8 Kd6 49.Rd8+ Kc5  1/2-1/2

[Event "GMA-Open"]
[Site "Belgrade"]
[Date "1988.??.??"]
[Round "?"]
[White "Tseshkovsky, Vitaly"]
[Black "Plachetka, Jan"]
[Result "1/2-1/2"]
[WhiteElo "2505"]
[BlackElo "2400"]

1.e4 c5 2.Nf3 e6 3.d4 cxd4 4.Nxd4 Nc6 5.Nc3 a6 6.Be2 d6 7.Be3 Nf6 8.O-O Be7
9.f4 O-O 10.Kh1 Qc7 11.a4 Rd8 12.Qe1 e5 13.Nxc6 bxc6 14.fxe5 dxe5 15.a5 c5
16.Bc4 Be6 17.b3 h6 18.Bf2 Qb7 19.Bg3 Bxc4 20.bxc4 Qb4 21.Bxe5 Qxc4 22.Qg3 Qe6
23.Nd5 Nh5 24.Qc3 Bd6 25.Bxd6 Qxd6 26.Qh3 Qe5 27.Rae1 Rd6 28.c4 Nf6 29.Rf5 Qd4
30.e5 Re8 31.Ref1 Rxe5 32.Nxf6+ Rxf6 33.Rxf6 gxf6 34.Qxh6 Qf2 35.Qc1 Qh4
36.Qd1 Kg7 37.h3 Qxc4 38.Qf3 Qe6 39.Qf2 c4 40.Qg3+ Rg5 41.Qc3 Qc6 42.Rf3 Rd5
43.Rf4 Rg5 44.Rf3 Qe6 45.Rf4 Qe5 46.Qxe5 Rxe5 47.Rxc4 Rxa5 48.Rc6 Kg6 49.Kh2 Ra1
50.Kg3 a5 51.Ra6 a4 52.Kh4 a3 53.g4 a2 54.Ra5 Kg7 55.Ra8 Kh7 56.Ra4 Kg8 57.Ra8+ Kg7
58.Ra4 Kf8 59.Ra7 Ke8 60.Ra8+ Ke7 61.Ra7+ Ke6 62.Ra6+ Kd5 63.Ra5+ Kc4 64.Ra8  1/2-1/2

[Event "GMA-Open"]
[Site "Belgrade"]
[Date "1988.??.??"]
[Round "?"]
[White "Veroci, Zsuzsa"]
[Black "Antic, Dejan"]
[Result "1-0"]
[WhiteElo "2330"]
[BlackElo "2325"]

1.e4 c5 2.Nf3 e6 3.d4 cxd4 4.Nxd4 Nc6 5.Nc3 Qc7 6.Be2 a6 7.O-O Nf6 8.Kh1 Be7
9.f4 d6 10.a4 O-O 11.Be3 Re8 12.Bd3 Nxd4 13.Bxd4 e5 14.Be3 exf4 15.Rxf4 Be6
16.Nd5 Bxd5 17.exd5 g6 18.Qf3 Nd7 19.Bd4 Rf8 20.Rf1 f6 21.Qh3 Ne5 22.Rh4 Qc8
23.Bf5  1-0

[Event "GMA-Open"]
[Site "Belgrade"]
[Date "1988.??.??"]
[Round "?"]
[White "Zelic, Zdravko"]
[Black "Cebalo, Miso"]
[Result "0-1"]
[WhiteElo "2410"]
[BlackElo "2510"]

1.e4 c5 2.Nf3 e6 3.d4 cxd4 4.Nxd4 Nc6 5.Nc3 d6 6.Be2 Nf6 7.O-O Be7 8.f4 Bd7
9.Kh1 a6 10.a4 O-O 11.Be3 Rc8 12.Nb3 Nb4 13.a5 Bc6 14.Bf3 e5 15.fxe5 dxe5
16.Rf2 Qxd1+ 17.Rxd1 Bd7 18.Rfd2 Be6 19.Na1 Bc5 20.Bg5 Ng4 21.Bxg4 Bxg4 22.Re1 f6
23.Be3 Be6 24.Na4 Bxe3 25.Rxe3 Rfd8 26.Ree2 Rxd2 27.Rxd2 Rc4 28.Nc3 Rc5 29.Nb3 Bxb3
30.cxb3 Rxa5 31.h4 Ra1+ 32.Kh2 h5 33.Rd8+ Kh7 34.Rd7 Re1 35.Rxb7 Nd3 36.Ra7 Nf2
37.Rxa6 Nxe4 38.b4 Nf2 39.b5 Ng4+ 40.Kh3 Re3+ 41.g3 Rd3 42.Ra2 Rd4 43.Kg2 Rb4
44.Kf3 Nh6 45.Ra1 Nf5 46.Rb1 Kg6 47.b6 Nd6 48.b3 Kf5 49.Nd5 Rb5 50.Nc3 Rxb6
51.b4 Rc6 52.Rb3 e4+ 53.Ke3 Ke5 54.b5 Rc5 55.b6 Nc4+ 56.Kf2 e3+ 57.Kf3 Nxb6
58.Rxb6 Rxc3 59.Rb5+ Kd4 60.Rxh5 Rc2 61.Rh8 Rf2+ 62.Kg4 e2 63.Re8 Kd3 64.Rd8+ Kc2
65.Re8 Kd2 66.Rd8+ Ke1 67.Re8 Kf1 68.Kh5 Rg2  0-1

[Event "GMA-Open"]
[Site "Belgrade"]
[Date "1988.??.??"]
[Round "?"]
[White "Timoshchenko, Gennadi A"]
[Black "Plachetka, Jan"]
[Result "1-0"]
[WhiteElo "2515"]
[BlackElo "2400"]

1.e4 c5 2.Nf3 e6 3.d4 cxd4 4.Nxd4 Nc6 5.Nc3 Qc7 6.Be2 a6 7.O-O Nf6 8.Bg5 Be7
9.Kh1 d6 10.f4 h6 11.Bh4 Nxe4 12.Nxe4 Bxh4 13.f5 d5 14.fxe6 O-O 15.exf7+ Rxf7
16.Rxf7 Qxf7 17.Nd6 Qf6 18.Nxc8 Rxc8 19.Nxc6 bxc6 20.Bxa6 Re8 21.g3 Bg5 22.Kg2 Qxb2
23.Bd3 Rf8 24.a4 Be3 25.Rb1 Rf2+ 26.Kh3 Qe5 27.Qg4 Rf8 28.Qg6 Rf7 29.Qh7+ Kf8
30.Qh8+ Ke7 31.Rb7+ Kf6 32.Qd8+  1-0

[Event "GMA-Open"]
[Site "Belgrade"]
[Date "1988.??.??"]
[Round "?"]
[White "Renet, Olivier"]
[Black "Damljanovic, Branko"]
[Result "0-1"]
[WhiteElo "2440"]
[BlackElo "2565"]

1.e4 c5 2.Nf3 Nc6 3.Nc3 e6 4.d4 cxd4 5.Nxd4 Qc7 6.Be2 a6 7.O-O Nf6 8.Be3 Be7
9.f4 d6 10.Qe1 O-O 11.Qg3 Bd7 12.Kh1 Kh8 13.Rad1 Rae8 14.Nb3 Bc8 15.a4 Nb4
16.Rd2 e5 17.f5 Bd7 18.Rfd1 Bc6 19.Bf3 g6 20.fxg6 fxg6 21.Nc1 Rf7 22.Nd3 Nxd3
23.cxd3 Ref8 24.Rf2 Nh5 25.Bxh5 Rxf2 26.Bxf2 gxh5 27.Be3 h4 28.Qg4 Bd7 29.Qh5 Qc8
30.Rg1 Bg4 31.Qh6 h3 32.Nd5 hxg2+ 33.Kxg2 Qc2+ 34.Kg3 Qe2 35.Nxe7 Qf3+ 36.Kh4 Qh3+
37.Kg5 Qxe3+ 38.Kxg4 Qxh6 39.Nf5 Qg6+ 40.Kf3 Qxg1 41.Ke2 Qg2+  0-1

[Event "Belgrade (Women)"]
[Site "Belgrade"]
[Date "1988.??.??"]
[Round "5"]
[White "Gocheva, Rumiana B"]
[Black "Micic, Snezana"]
[Result "1/2-1/2"]
[WhiteElo "2240"]
[BlackElo "2080"]

1.e4 c5 2.Nf3 e6 3.d4 cxd4 4.Nxd4 Nc6 5.Nc3 Qc7 6.g3 a6 7.Bg2 d6 8.O-O Bd7
9.Re1 Be7 10.Nxc6 Bxc6 11.Qg4 h5 12.Qe2 Nf6 13.a4 Rd8 14.h3 Kf8 15.Bf4 e5
16.Bg5 g6 17.Qc4 Rc8 18.Qb3 Kg7 19.a5 Bd7 20.Re2 Be6 21.Bxf6+ Bxf6 22.Nd5 Bxd5
23.Qxd5 Qc4 24.Bf1 Qxd5 25.exd5 Rc5 26.b4 Rxd5 27.c4 Rd4 28.Rc2 Rc8 29.Rb1 Rc7
30.Ra2 d5 31.c5 Bg5 32.h4 Rd2 33.Rxd2 Bxd2 34.Bg2 d4  1/2-1/2

[Event "Berlin op"]
[Site "Berlin-West"]
[Date "1988.??.??"]
[Round "1"]
[White "Kindermann, Stefan"]
[Black "Kruszynski, Wlodzimierz"]
[Result "1-0"]
[WhiteElo "2525"]
[BlackElo "2355"]

1.e4 c5 2.Nf3 e6 3.d4 cxd4 4.Nxd4 Nc6 5.Nc3 a6 6.g3 d6 7.Bg2 Bd7 8.a4 Nf6
9.O-O Be7 10.Nb3 Na5 11.Nxa5 Qxa5 12.Bd2 Qc7 13.a5 Rc8 14.Be3 O-O 15.Re1 Bc6
16.Bb6 Qd7 17.Qe2 Bd8 18.Bd4 Qe7 19.Qd2 Qc7 20.Re2 Nd7 21.b3 Bf6 22.Bxf6 Nxf6
23.Na4 d5 24.Nb6 Rcd8 25.e5 Ne4 26.Qd4 f6 27.exf6 Rxf6 28.Rd1 Rdf8 29.Bxe4 dxe4
30.Nd7 Bxd7 31.Qxd7 Qe5 32.Qd4 Qxa5 33.Qxe4 Qc5 34.Qd4 Qh5 35.Rde1 Rh6 36.h4 Rhf6
37.Qd6 Qg4 38.Re4 Qf5 39.R1e2 h6 40.Rxe6 R6f7 41.Re8 Rxe8 42.Rxe8+ Kh7 43.Qd2 Rd7
44.Qe2 Rd4 45.Re5 Qg6 46.h5 Qf7 47.c3 Rd8 48.b4 Kh8 49.Re7 Qf6 50.Rxb7 Qxc3
51.Qxa6 Qe1+ 52.Kg2 Qe4+ 53.Kh2 Rf8 54.Qa7 Rxf2+ 55.Qxf2 Qxb7 56.Qc5 Qe4
57.b5 Qe2+ 58.Kh3 Qf3 59.Qe5 Kh7 60.Kh4 Kh8 61.Qe8+ Kh7 62.Qc6 Qf2 63.Qe4+ Kh8
64.Kg4 Qc5 65.Qe8+ Kh7 66.Kf3 Qc3+ 67.Kf4 Qc1+ 68.Kf5 Qg5+ 69.Ke6 Qg4+ 70.Kd5 Qd1+
71.Kc6 Qf3+ 72.Kb6 Qf2+ 73.Ka6 Qa2+ 74.Kb7 Qd5+ 75.Ka7 Qc5+ 76.b6 Qa5+ 77.Kb7 Qd5+
78.Kc7 Qc5+ 79.Qc6 Qe7+ 80.Kb8 Qe5+ 81.Ka7 Qa5+ 82.Kb7 Qxh5 83.Qe4+ Kh8 84.Kc6 Qa5
85.b7 Qa6+ 86.Kd7 Qb5+ 87.Ke7 Qg5+ 88.Kf7 Qf6+ 89.Ke8 Qd6 90.Kf7 Qf6+ 91.Ke8 Qd6
92.g4 Qc7 93.Qd5 Qb8+ 94.Kd7 Qf4 95.Qe6 Qd4+ 96.Ke8 Qa4+ 97.Qd7 Qe4+  1-0

[Event "Berlin op"]
[Site "Berlin-West"]
[Date "1988.??.??"]
[Round "1"]
[White "Hardicsay, Peter"]
[Black "Vaisser, Anatoli"]
[Result "0-1"]
[WhiteElo "2355"]
[BlackElo "2530"]

1.e4 c5 2.Nf3 Nc6 3.Nc3 e6 4.d4 cxd4 5.Nxd4 Nf6 6.Ndb5 d6 7.Bf4 e5 8.Bg5 a6
9.Na3 b5 10.Bxf6 gxf6 11.Nd5 Bg7 12.Bd3 Ne7 13.Nxe7 Qxe7 14.Qd2 f5 15.c4 Bb7
16.exf5 e4 17.Be2 O-O 18.O-O Qe5 19.Rab1 d5 20.cxd5 Bxd5 21.b3 Qxf5 22.Nc2 Be6
23.Ne3 Qg5 24.Rbd1 Rad8 25.Qa5 Bd4 26.Kh1 Bxe3 27.fxe3 Rxd1 28.Bxd1 Qxe3
29.Qxa6 Qd3 30.Rg1 Rd8 31.h3 Rd5 32.Qb6 Qg3 33.Be2 Rd2 34.Qxb5 e3 35.Bc4 Bxc4
36.bxc4 e2 37.Qe8+ Kg7 38.Qe4 h5 39.Qe7 Rxa2 40.c5 Rc2 41.Rb1 e1=Q+  0-1

[Event "Berlin op"]
[Site "Berlin-West"]
[Date "1988.??.??"]
[Round "3"]
[White "Klinger, Josef"]
[Black "Loeffler, Stefan"]
[Result "1-0"]
[WhiteElo "2475"]
[BlackElo "2375"]

1.e4 c5 2.Nc3 e6 3.Nf3 Nc6 4.d4 cxd4 5.Nxd4 Qc7 6.g3 a6 7.Bg2 d6 8.O-O Be7
9.a4 Nf6 10.Kh1 O-O 11.f4 Rd8 12.Nb3 b6 13.Qe2 Rb8 14.Be3 Na5 15.Rad1 Bd7
16.g4 h6 17.g5 hxg5 18.fxg5 Nh7 19.Qh5 Be8 20.Rf3 f5 21.Qh4 Nc4 22.Rh3 Bg6
23.Nd5 Qd7 24.exf5 Bxf5 25.Nxe7+ Qxe7 26.Qxc4 Rbc8 27.Qh4 Rxc2 28.Nd4  1-0

[Event "Berlin op"]
[Site "Berlin-West"]
[Date "1988.??.??"]
[Round "4"]
[White "Smith Hansen, M."]
[Black "Cladouras, Panagiotis"]
[Result "1/2-1/2"]
[WhiteElo "2245"]
[BlackElo "2375"]

1.e4 c5 2.Nf3 e6 3.d4 cxd4 4.Nxd4 Nc6 5.Nc3 Qc7 6.f4 a6 7.Be2 Nxd4 8.Qxd4 Ne7
9.Qf2 b5 10.Bf3 Bb7 11.Be3 Rc8 12.O-O b4 13.Na4 Qxc2 14.Nc5 Qxf2+ 15.Kxf2 Bc6
16.Rfc1 Bb5 17.Nb7 Nc6 18.a4 bxa3 19.bxa3 Rb8 20.Nc5 Bxc5 21.Bxc5 Na5 22.Rab1 Rc8
23.Bb4 Rxc1 24.Rxc1 Nc6 25.Bd6 f6 26.Bd1 Ne7 27.a4 Bc6 28.Bc2 Kf7 29.Rb1 Ra8
30.g3 g6 31.Ke3 h5 32.h4 f5 33.e5 Rc8 34.Rb8 Rxb8 35.Bxb8 Nd5+ 36.Kd4 a5
37.Bb3 Nb6 38.Bc7 Bxa4 39.Bxb6 Bxb3 40.Bxa5 Ke8 41.Kc5  1/2-1/2

[Event "Berlin op"]
[Site "Berlin-West"]
[Date "1988.??.??"]
[Round "6"]
[White "Smith Hansen, M."]
[Black "Horvath, Gyula"]
[Result "0-1"]
[WhiteElo "2245"]
[BlackElo "2445"]

1.e4 c5 2.Nf3 e6 3.d4 cxd4 4.Nxd4 Nc6 5.Nc3 Qc7 6.f4 a6 7.Be2 b5 8.Nxc6 Qxc6
9.Bf3 Bb7 10.e5 Qc7 11.Ne4 Rc8 12.O-O Nh6 13.Be3 Nf5 14.Bf2 d5 15.exd6 Bxd6
16.Nxd6+ Nxd6 17.Bxb7 Nxb7 18.f5 O-O 19.f6 Rfd8 20.Qg4 g6 21.Qh4 Nd6 22.c3 Nf5
23.Qh3 h5 24.Rad1 Qe5 25.Bb6 Rxd1 26.Rxd1 Qxf6 27.Qd3 Kg7 28.Re1 e5 29.Bf2 Rd8
30.Qe4 Rd2 31.b3 Rxa2 32.c4 bxc4 33.Qxc4 Rxf2  0-1

[Event "Berlin op"]
[Site "Berlin-West"]
[Date "1988.??.??"]
[Round "9"]
[White "Kruszynski, Wlodzimierz"]
[Black "Semkov, Semko"]
[Result "0-1"]
[WhiteElo "2355"]
[BlackElo "2445"]

1.e4 c5 2.Nf3 e6 3.d4 cxd4 4.Nxd4 Nc6 5.Nc3 Qc7 6.Be2 a6 7.O-O Nf6 8.Be3 Be7
9.f4 d6 10.a4 O-O 11.Kh1 Bd7 12.Nb3 b6 13.Bf3 Rab8 14.Qe2 Na5 15.Nd2 Bc8
16.g4 Nd7 17.g5 Re8 18.Bg2 g6 19.Rf3 Bf8 20.Rh3 Bb7 21.Rf1 b5 22.axb5 axb5
23.Qg4 b4 24.Nd1 Nc4 25.Qh4 h5 26.gxh6 Nxd2 27.h7+ Kh8 28.Bxd2 Qxc2 29.Qe1 d5
30.Bxb4 Bxb4 31.Qxb4 Ba6 32.Qd4+ e5 33.Qf2 Rec8 34.Qxc2 Rxc2 35.Re1 d4 36.Ra3 Be2
37.Bf3 d3 38.Bxe2 dxe2 39.Nc3 Rbxb2 40.Kg2 exf4 41.Kf2 Nc5 42.Rxe2 Nxe4+
43.Kf3 Nxc3 44.Rxc3 Rxc3+  0-1

[Event "Bern"]
[Site "Bern"]
[Date "1988.??.??"]
[Round "?"]
[White "Campora, Daniel H"]
[Black "Rajkovic, Dusan"]
[Result "0-1"]
[WhiteElo "2540"]
[BlackElo "2495"]

1.e4 c5 2.Nf3 e6 3.d4 cxd4 4.Nxd4 Nc6 5.Nc3 Qc7 6.g3 a6 7.Bg2 Nf6 8.O-O Nxd4
9.Qxd4 Bc5 10.Bf4 d6 11.Qd2 h6 12.Rad1 e5 13.Be3 Ke7 14.Bxc5 Qxc5 15.Na4 Qc6
16.c4 Bg4 17.f3 Be6 18.b3 b5 19.cxb5 axb5 20.Rc1 Qb7 21.Rfd1 Qb8 22.Nc3 b4
23.Nd5+ Bxd5 24.exd5 Ra5 25.a4 Rxd5 26.Qe2 Rxd1+ 27.Rxd1 Rc8 28.f4 Rc3 29.fxe5 dxe5
30.Qb5 Qxb5 31.axb5 Nd7 32.Bc6 Nb6 33.Ra1 Kd6 34.Ra7 Rxb3 35.Rxf7 Rc3 36.Rxg7 b3
37.Rg6+ Kc5 38.Be4 Rc4 39.Bf5 b2 40.Rc6+ Kxb5 41.Rxc4 Kxc4 42.g4 Kd4 43.Bb1 Nc4
44.h4 Nd2 45.Ba2 Nf3+  0-1

[Event "Bern op"]
[Site "Bern"]
[Date "1988.??.??"]
[Round "?"]
[White "Mehmedi"]
[Black "Kirov, Nino"]
[Result "1/2-1/2"]
[WhiteElo "2200"]
[BlackElo "2470"]

1.e4 c5 2.Nf3 Nc6 3.d4 cxd4 4.Nxd4 e6 5.Nc3 a6 6.Be3 Nf6 7.Be2 Bb4 8.Bd3 d5
9.Nxc6 bxc6 10.exd5 Nxd5 11.Qg4 O-O 12.O-O f5 13.Qc4 Qe7 14.Rae1 Bb7 15.Bc1 e5
16.Bg5 Qd6 17.Qb3 Kh8 18.Nxd5 Bxe1 19.Qxb7 Qxd5 20.Rxe1 e4 21.Bf1 Rfb8 22.Qe7 Qxa2
23.Bf4 Re8 24.Qb7 Qd5 25.b3 Qc5 26.Bc4 Rad8 27.g3 Re7 28.b4 Qxf2+ 29.Kxf2 Rxb7
30.c3 h6 31.Bxa6 Ra7 32.Bc4 Ra3 33.Be5 Kh7 34.Re2 g5 35.Be6 Kg6 36.g4 fxg4
37.Bxg4 h5 38.Bh3 Rf8+ 39.Ke1 Ra1+ 40.Kd2 Rf3 41.Be6 Rd3+ 42.Kc2 Rdd1 43.Bd4 Rac1+
44.Kb3 g4 45.Rxe4 Rd2 46.Bd7 Rxh2 47.Be8+ Kf5 48.Re5+ Kf4 49.Bxh5 g3 50.Rc5 Re1
51.Bg6 Rh6 52.Rxc6 Kg5 53.Bf6+ Kxg6 54.Bh4+ Kg7 55.Rc7+ Kf8 56.Bxg3 Re2 57.Rc5 Ke8
58.b5 Rg6 59.Bc7 Kd7 60.b6 Kc8 61.Rd5  1/2-1/2

[Event "Bern"]
[Site "Bern"]
[Date "1988.??.??"]
[Round "?"]
[White "Geller, Efim P"]
[Black "Cebalo, Miso"]
[Result "1/2-1/2"]
[WhiteElo "2505"]
[BlackElo "2515"]

1.e4 c5 2.Nf3 e6 3.d4 cxd4 4.Nxd4 Nc6 5.Nc3 d6 6.Be2 Nf6 7.Be3 Be7 8.O-O Bd7
9.Nb3 a6 10.a4 b6 11.f4 Qc7 12.Bf3 Rb8 13.Qe2 Nb4 14.g4 h6 15.Rf2 e5 16.Rd1 Rc8
17.Rg2 g6 18.Qf2  1/2-1/2

[Event "Bern"]
[Site "Bern"]
[Date "1988.??.??"]
[Round "?"]
[White "Bex, Pierre Alain"]
[Black "Gobet, Fernand"]
[Result "1/2-1/2"]
[WhiteElo "2235"]
[BlackElo "2350"]

1.e4 c5 2.Nf3 Nc6 3.d4 cxd4 4.Nxd4 e6 5.Nc3 Qc7 6.Be3 a6 7.Be2 Nf6 8.O-O Bb4
9.Na4 O-O 10.Nxc6 bxc6 11.c4 Bd6 12.g3 c5 13.Qc2 Bb7 14.Nc3 Be5 15.f3 d5
16.exd5 exd5 17.Nxd5 Bxd5 18.cxd5 Bxg3 19.hxg3 Qxg3+ 20.Kh1 Qh3+ 21.Kg1 Rfe8
22.Bc1 Qg3+ 23.Kh1 Rad8 24.Bd1 Rxd5 25.Qg2 Qh4+ 26.Kg1 Re1 27.Bb3 Qd4+ 28.Qf2 Rxc1
29.Bxd5 Rxf1+ 30.Rxf1 Qxd5 31.Rc1 Qxa2 32.b4 Qa3 33.Rxc5 g6 34.Rc8+ Kg7 35.Rb8 Qc1+
36.Kg2 Qg5+ 37.Qg3 Qd2+ 38.Qf2 Qg5+ 39.Qg3 Qd2+ 40.Qf2 Qf4 41.Qg3 Qf5 42.Qd6 Nd5
43.Rd8 Nf4+ 44.Kf2 Ne6 45.Ra8 h5 46.Rxa6 Qc2+ 47.Ke3 Qc3+ 48.Kf2 Qb2+ 49.Ke3 h4
50.Ra7 Qc3+ 51.Kf2 Ng5 52.Qd1 Qxb4 53.Ra4 Qb2+ 54.Ke3 Qe5+ 55.Kf2 Qg3+ 56.Ke3 Ne6
57.Qa1+ Kh7 58.Rg4 Qh2 59.Qf6 Kg8 60.Rxh4 Qg1+ 61.Ke2 Qg2+ 62.Ke1 Qg1+ 63.Ke2 Qg2+  1/2-1/2

[Event "Bern"]
[Site "Bern"]
[Date "1988.??.??"]
[Round "?"]
[White "Bex, Pierre Alain"]
[Black "Cebalo, Miso"]
[Result "0-1"]
[WhiteElo "2235"]
[BlackElo "2515"]

1.e4 c5 2.Nf3 e6 3.d4 cxd4 4.Nxd4 Nc6 5.Nc3 d6 6.Be3 Nf6 7.Be2 Be7 8.O-O Bd7
9.f4 Nxd4 10.Bxd4 Bc6 11.Bf3 O-O 12.Qe1 b5 13.e5 dxe5 14.Bxe5 Rc8 15.Ne4 Qb6+
16.Kh1 Nxe4 17.Bxe4 f6 18.Bc3 b4 19.Bd2 Bxe4 20.Qxe4 f5 21.Qf3 Rxc2 22.Be3 Bc5
23.Bxc5 Qxc5 24.Rfe1 Rxb2  0-1

[Event "Bern"]
[Site "Bern"]
[Date "1988.??.??"]
[Round "?"]
[White "King, Daniel J"]
[Black "Adler, Joel"]
[Result "1-0"]
[WhiteElo "2475"]
[BlackElo "2290"]

1.e4 c5 2.Nf3 Nc6 3.d4 cxd4 4.Nxd4 e6 5.Nc3 Qc7 6.g3 a6 7.Bg2 Nf6 8.O-O Be7
9.Re1 O-O 10.Nxc6 dxc6 11.e5 Nd5 12.Qg4 Kh8 13.Bd2 Nxc3 14.Bxc3 Bd7 15.Be4 Rad8
16.Bd2 c5 17.Qh5 g6 18.Qf3 Kg8 19.Bh6 Rfe8 20.Bxb7 Rb8 21.Bxa6 Rxb2 22.Qc3 Reb8
23.Bd3 Qa7 24.a3 Bd8 25.Qd2 Qa4 26.Be4 Be7 27.h4 Bc6 28.Bxc6 Qxc6 29.a4 R2b4
30.a5 Rd8 31.Qe2 Bxh4 32.c3 Ra4 33.Rxa4 Qxa4 34.gxh4 Qxh4 35.Be3 Rd5 36.Bc1 Qa4
37.a6 c4 38.Bg5 Qxa6 39.Bf6 Rd3 40.Qe4 h5 41.Rb1  1-0

[Event "Bern op"]
[Site "Bern"]
[Date "1988.??.??"]
[Round "?"]
[White "Brendel, Oliver"]
[Black "Ninov, Kiril"]
[Result "1/2-1/2"]
[WhiteElo "2300"]
[BlackElo "2495"]

1.e4 c5 2.Nf3 e6 3.d4 cxd4 4.Nxd4 Nc6 5.Nc3 a6 6.Be2 d6 7.Be3 Nf6 8.f4 Be7
9.O-O O-O 10.Qe1 Nxd4 11.Bxd4 b5 12.Rd1 Bb7 13.e5 dxe5 14.fxe5 Nd7 15.Bh5 Qc7
16.Ne4 Nxe5 17.Qg3 f6 18.Nxf6+ Bxf6 19.Rxf6 Rxf6 20.Bxe5 Qc5+ 21.Kh1 Qf2
22.Bxf6 Qxf6 23.h3 Bd5 24.Bf3 Bxf3 25.Qxf3 Qxf3  1/2-1/2

[Event "Bern op"]
[Site "Bern"]
[Date "1988.??.??"]
[Round "?"]
[White "Ciric, Dragoljub M"]
[Black "Ninov, Kiril"]
[Result "0-1"]
[WhiteElo "2390"]
[BlackElo "2495"]

1.e4 c5 2.Nf3 e6 3.Nc3 Nc6 4.d4 cxd4 5.Nxd4 Qc7 6.g3 a6 7.Bg2 Nf6 8.O-O Be7
9.Nce2 O-O 10.c4 Rd8 11.Nc3 b6 12.e5 Qxe5 13.Bf4 Qa5 14.Bc7 Re8 15.Nxc6 dxc6
16.Bxc6 Ra7 17.Bb8 Bd7 18.Bxa7 Bxc6 19.a3 Ra8 20.Nd5 exd5 21.b4 Qa4 22.Bxb6 dxc4
23.Re1 Bf8 24.Rc1 Qb5 25.Qd4 Qd5 26.Qxd5 Bxd5 27.f3 Rc8 28.Kg2 g5 29.h3 Bg7
30.Bd4 Be6 31.Re5 Rd8 32.Bc3 Nd5 33.Rxg5 Nxc3 34.Rxc3 h6  0-1

[Event "Biel-B"]
[Site "Biel"]
[Date "1988.??.??"]
[Round "4"]
[White "Gobet, Fernand"]
[Black "Franzoni, Giancarlo"]
[Result "1/2-1/2"]
[WhiteElo "2405"]
[BlackElo "2435"]

1.e4 c5 2.Nf3 e6 3.d4 cxd4 4.Nxd4 Nc6 5.Nc3 Qc7 6.Be2 a6 7.O-O Nf6 8.Be3 Bb4
9.Na4 Be7 10.Nxc6 bxc6 11.Nb6 Rb8 12.Nxc8 Qxc8 13.e5 Nd5 14.Bc1 Bc5 15.Qd3 O-O
16.Qg3 Kh8 17.c3 a5 18.a3 Qc7 19.b4 axb4 20.axb4 Be7 21.Bd2 f6 22.exf6 Qxg3
23.hxg3 Bxf6 24.Rfc1 Rb7 25.g4 h6 26.g3 g5 27.Kg2 Be5 28.Ra4 Kg7 29.c4 Bd4
30.Bf3 Nb6 31.Ra2 d5 32.cxd5 cxd5 33.Be1 Rbf7 34.Bd1 Nc4 35.Re2 Ne5 36.Rd2 Bb6
37.Ra1 Nc4 38.Re2 Bd4 39.Ra6 e5 40.Bb3 Rf6 41.Rxf6 Rxf6 42.Ra2 Nb2 43.Bxd5 Nd3
44.Kf1 Nxe1 45.Kxe1 Bc3+ 46.Ke2  1/2-1/2

[Event "Biel-B"]
[Site "Biel"]
[Date "1988.??.??"]
[Round "10"]
[White "Franzoni, Giancarlo"]
[Black "Cramling, Pia"]
[Result "1/2-1/2"]
[WhiteElo "2435"]
[BlackElo "2425"]

1.e4 c5 2.Nc3 Nc6 3.Nge2 e6 4.d4 cxd4 5.Nxd4 Qc7 6.Be2 a6 7.O-O Nf6 8.Be3 Bb4
9.Na4 Be7 10.Nb6 Rb8 11.Nxc8 Rxc8 12.Nxc6 Qxc6 13.e5 Nd5 14.Bd2 Qc7 15.c4 Nb4
16.f4 O-O 17.Kh1 Rfd8 18.Qb3 Nc6 19.Qg3 d5 20.exd6 Rxd6 21.Bc3 Bf8 22.f5 exf5
23.Rxf5 Nd4 24.Bxd4 Rxd4 25.Qxc7 Rxc7 26.b3 Rd2 27.Bf3 g6  1/2-1/2

[Event "US op"]
[Site "Boston"]
[Date "1988.??.??"]
[Round "?"]
[White "Soltis, Andrew E"]
[Black "Benjamin, Joel"]
[Result "1/2-1/2"]
[WhiteElo "2400"]
[BlackElo "2565"]

1.e4 c5 2.Nf3 Nc6 3.d4 cxd4 4.Nxd4 e6 5.Nc3 Qc7 6.f4 a6 7.Nf3 Bc5 8.Bd3 b5
9.Qe2 Bb7 10.Be3 Nb4 11.a4 Nxd3+ 12.cxd3 b4 13.Nd1 Bxe3 14.Qxe3 Rc8 15.Qd4 Qxf4
16.O-O f6 17.Qxb4 Ba8 18.Qb6 Ne7 19.Qxa6 O-O 20.Qa7 Rc7 21.Qe3 Qxe3+ 22.Nxe3 Rb8
23.Rf2  1/2-1/2

[Event "Noviki"]
[Site "Budapest"]
[Date "1988.??.??"]
[Round "?"]
[White "Hoelzl, Franz"]
[Black "Horvath, Jozsef"]
[Result "0-1"]
[WhiteElo "2375"]
[BlackElo "2495"]

1.e4 c5 2.Nf3 Nc6 3.d4 cxd4 4.Nxd4 e6 5.Nc3 Qc7 6.g3 a6 7.Bg2 Nf6 8.O-O Be7
9.a4 O-O 10.Nb3 d6 11.a5 Nd7 12.Qe2 b5 13.axb6 Nxb6 14.Na5 Nxa5 15.Rxa5 Bb7
16.Bg5 Rac8 17.Bxe7 Qxe7 18.Rh5 Rc7 19.Qd3 h6 20.Nd1 Nc4 21.b3 Ne5 22.Qe2 Rfc8
23.c4 Rc5 24.Ne3 Nd7 25.b4 R5c7 26.Ra5 Nf6 27.Qd3 d5 28.exd5 Qxb4 29.Ra3 exd5
30.Rb3 Qa5 31.cxd5 Rd8 32.d6 Bxg2 33.Kxg2 Rc5 34.Rd1 Qa4 35.Ra3 Qc6+ 36.Kg1 a5
37.Nf5 Qe4 38.Ne7+ Kf8 39.Qd2 Rc2 40.Qxa5 Rxd6 41.Re1 Qd4 42.Rae3 g6 43.h3 Kg7
44.Rf3 Rd7 45.Qa3 Ra7 46.Qe3 Qxe3 47.Rfxe3 Kf8 48.Re5 Rd7 49.R1e3 Rcc7 50.Nf5 gxf5
51.Rxf5 Kg7 52.Ref3 Rc6 53.R3f4 Kg6 54.Kg2 Nd5 55.Rf3 f6 56.g4 Re6 57.Kg3 Ne7
58.R5f4 Rd5 59.Ra4 Red6 60.Ra7 Nc6 61.Ra6 Ne5 62.Rxd6 Rxd6 63.Rf5 Rd3+ 64.Kg2 Kg7
65.f3 Kg6 66.Kg3 Nc6 67.Kg2 Nd4  0-1

[Event "Compack"]
[Site "Budapest"]
[Date "1988.??.??"]
[Round "?"]
[White "Reeh, Oliver"]
[Black "Horvath, Gyula"]
[Result "0-1"]
[WhiteElo "2460"]
[BlackElo "2455"]

1.e4 c5 2.Nf3 e6 3.d4 cxd4 4.Nxd4 Nc6 5.Nc3 Qc7 6.f4 a6 7.Nxc6 Qxc6 8.Bd3 b5
9.a3 Bb7 10.O-O Nf6 11.Qe2 Bc5+ 12.Kh1 Bd4 13.e5 Bxc3 14.bxc3 Ne4 15.a4 Nxc3
16.axb5 axb5 17.Rxa8+ Bxa8 18.Qg4 O-O 19.f5 exf5 20.Bxf5 Ne4 21.Bxd7 Qxc2
22.Qf4 Nc5 23.Bh3 Bd5 24.Ba3 Qc3 25.Bxc5 Qxc5 26.Qd2 Re8 27.Re1 b4 28.Bd7 Ra8
29.Rc1 Qa5 30.h3 h6 31.Bf5 Qb5 32.Bd3 Qb7 33.Kh2 Ra2 34.Rc2 b3 35.Rxa2 bxa2
36.Qc3 Qa8 37.Qa1 Bxg2 38.Bc4 Bd5  0-1

[Event "Budapest"]
[Site "Budapest"]
[Date "1988.??.??"]
[Round "?"]
[White "Vancsura, Zoltan"]
[Black "Kotronias, Vasilios"]
[Result "0-1"]
[WhiteElo "2295"]
[BlackElo "2465"]

1.e4 c5 2.Nf3 e6 3.d4 cxd4 4.Nxd4 Nc6 5.Nc3 Qc7 6.Be3 a6 7.a3 b5 8.Be2 Bb7
9.O-O Nf6 10.Nxc6 Bxc6 11.Qd4 Bd6 12.h3 O-O 13.Qd3 Be5 14.Bd4 Rfd8 15.Bf3 d6
16.Rad1 Nd7 17.Rfe1 Rac8 18.Qe3 Bxd4 19.Rxd4 Nb6 20.Be2 e5 21.Rd2 f5 22.Nd5 Bxd5
23.exd5 Qc5 24.g4 Qxe3 25.fxe3 g6 26.gxf5 gxf5 27.e4 Kf7 28.Kh2 Nc4 29.Bxc4 Rxc4
30.exf5 Rdc8 31.c3 Rf4 32.Rg1 Rg8 33.Rxg8 Kxg8 34.Kg3 Kf7 35.b3 Kf6 36.Rc2 Kxf5
37.c4 bxc4 38.bxc4 Ke4 39.c5 Kxd5 40.cxd6 Kxd6 41.Rc8 Kd5 42.Rb8 Rf6 43.a4 e4
44.Rb3 Kc4 45.Rb7 h6 46.h4 e3 47.Rb2 Kc3 48.Ra2 Kb3 49.Re2 Re6  0-1

[Event "Buenos Aires"]
[Site "Buenos Aires"]
[Date "1988.??.??"]
[Round "?"]
[White "Cuasnicu, Oscar"]
[Black "Paglilla, Carlos"]
[Result "1/2-1/2"]
[WhiteElo "2370"]
[BlackElo "2315"]

1.e4 c5 2.Nf3 e6 3.d4 cxd4 4.Nxd4 Nc6 5.Nc3 a6 6.g3 d6 7.Bg2 Bd7 8.O-O Nf6
9.b3 Be7 10.Bb2 O-O 11.Nce2 d5 12.exd5 exd5 13.a3 Re8 14.Nf4 Bg4 15.Bf3 Ne5
16.Bxg4 Nexg4 17.h3 Ne5 18.Nd3 Nxd3 19.cxd3 Nd7 20.Nf3 Bf6 21.Bxf6 Qxf6 22.Kg2 Rac8
23.d4 Qd6 24.Re1 Re4 25.Qd3 Rxe1 26.Rxe1  1/2-1/2

[Event "ARG-ch"]
[Site "Buenos Aires"]
[Date "1988.??.??"]
[Round "?"]
[White "Mahia, Gustavo"]
[Black "Bronstein, Luis"]
[Result "1-0"]
[WhiteElo "2390"]
[BlackElo "2405"]

1.e4 c5 2.Nf3 e6 3.d4 cxd4 4.Nxd4 Nc6 5.Nc3 a6 6.Be3 Qc7 7.Qd2 Nf6 8.O-O-O Bb4
9.f3 Ne5 10.Nb3 b5 11.Bf4 Nh5 12.Bxe5 Qxe5 13.Qd4 Qxd4 14.Rxd4 Be7 15.g3 b4
16.Nb1 a5 17.a4 bxa3 18.Nxa3 a4 19.Nd2 Bc5 20.Rc4 d6 21.e5 Bxa3 22.bxa3 dxe5
23.Rc5 O-O 24.Rxe5 Nf6 25.Bd3 Ba6 26.Bxa6 Rxa6 27.Rc5 h6 28.Re1 Rb8 29.Re3 Nd5
30.Re4 Ra7 31.c4 Nf6 32.Rd4 Nd7 33.Rb5 Rc8 34.Kb2 Nc5 35.Kc3 f6 36.Kb4 Na6+
37.Kc3 Nc5 38.Rd6 Kf7 39.Ne4 Nxe4+ 40.fxe4 Ke7 41.Rdb6 Rac7 42.Rb4 Rd8 43.Rb7 Rxb7
44.Rxb7+ Kd6 45.Kb4 g5 46.c5+ Ke5 47.c6 Rd1 48.Rd7 Rc1 49.c7 Kxe4 50.Kb5 f5
51.Kb6 e5 52.Rd6 Rb1+ 53.Ka7 Rc1 54.Kb7 Rxc7+ 55.Kxc7 Kf3 56.Rxh6 e4 57.Rg6 e3
58.Rxg5  1-0

[Event "Buenos Aires"]
[Site "Buenos Aires"]
[Date "1988.??.??"]
[Round "?"]
[White "Urday, Henry"]
[Black "Franco Ocampo, Zenon"]
[Result "1-0"]
[WhiteElo "2425"]
[BlackElo "2425"]

1.e4 c5 2.Nf3 Nc6 3.d4 cxd4 4.Nxd4 e6 5.Nc3 Qc7 6.Be3 a6 7.g3 Nf6 8.Bg2 Be7
9.O-O O-O 10.f4 d6 11.Qe2 Bd7 12.Nb3 b5 13.a3 Rac8 14.g4 h6 15.h4 b4 16.axb4 Nxb4
17.g5 hxg5 18.hxg5 Nh7 19.Nd4 g6 20.Nf3 Rfe8 21.e5 Bc6 22.Rf2 Nd5 23.Nxd5 Bxd5
24.Bd4 Qc4 25.Qe3 Qb5 26.Bf1 Bc4 27.Rh2 Bxf1 28.Rxf1 dxe5 29.Nxe5 Qd5 30.c3 Bc5
31.Qh3 Bxd4+ 32.cxd4 Qxd4+ 33.Kh1 Qe4+ 34.Nf3 Kf8 35.Qxh7 Ke7 36.Qg7 Qf5
37.Qe5 Rc5 38.Qxf5 gxf5 39.Ne5  1-0